000
00352nam a2200157Ia 4500
003
OSt
005
20240412121043.0
008
170524s9999 xx 000 0 und d
020
_a
na
040
_c
iimtu
100
_a
Arora SC
245
2
_a
A Cource in Refrigeration and Air - Condetion
260
_b
Dhanpat Rai
260
_c
2008
942
_2
ddc
_c
02
999
_c
5593
_d
5593